| 000 | 00565nam a2200193Ia 4500 | ||
|---|---|---|---|
| 001 | 63350 | ||
| 008 | 190619n1985 ii |||gr||||Z||||||465 | ||
| 020 | _a9780394729039 | ||
| 082 | _a659.1 | ||
| 100 |
_aOgilvy, David, _eAuthor. |
||
| 245 | 0 |
_aOgilvy on advertising _cby David Ogilvy _hTextual Documents |
|
| 250 | _a1st ed. | ||
| 260 |
_aNew York _bVintage Books _c1985 |
||
| 300 |
_a223p: _bIlls.; _c25cm. |
||
| 653 | _aMasscommunication | ||
| 653 | _aadvertising, Journalism, Masscommunication and journalism | ||
| 653 | _aG-Masscommunication | ||
| 942 |
_2ddc _cBK |
||
| 999 |
_c64454 _d64454 |
||